LIBRARY & INFORMATION CENTRE, KCAET, TAVANUR

ONLINE PUBLIC ACCESS CATALOGUE (OPAC)

Kunkumappookkal / (Record no. 12608)

MARC details
000 -LEADER
fixed length control field 00438cam a2200181ua 4500
041 ## - LANGUAGE CODE
Language code of text/sound track or separate title mal
082 ## - DEWEY DECIMAL CLASSIFICATION NUMBER
Classification number 894.812301
Item number ABB/KU
100 ## - MAIN ENTRY--AUTHOR NAME
Personal name Abbas, Ahammed K .
245 ## - TITLE STATEMENT
Title Kunkumappookkal /
250 ## - EDITION STATEMENT
Edition statement 2 /
260 ## - PUBLICATION, DISTRIBUTION, ETC. (IMPRINT)
Place of publication Thrissur :
Name of publisher Mangalodhayam pvt ltd ,
Year of publication 1956.
300 ## - PHYSICAL DESCRIPTION
Number of Pages 64 ; .
942 ## - ADDED ENTRY ELEMENTS (KOHA)
Koha item type Books
Holdings
Withdrawn status Lost status Damaged status Home library Current library Date acquired Full call number Accession Number Koha item type
Withdrawn     KAUAET Malayalam University 07/04/2012 894.812301 9401 Books
free website counter